000 00812nam a2200253 u 4500
001
003 DO-SdBNP
005 20210811104344.0
008 100802s2015 dr 000 0 spa d
020 _a9789945588606
040 _aDO-SdBNP
_bspa
_cBPMSU
082 _aRD861.5
_bL864d 2015
100 1 _aLópez Peña, Elba Lucía
245 1 3 _aLa dualidad del ser, rosto íntimo /
_cElba Lucía López Peña ; prólogo Eduardo García Michel.
260 _aSanto Domingo :
_bRumbo Norte,
_c2015.
300 _a112 p. ;
_c23 cm.
500 _aIncluye datos biográficos del autor en la solapa de la cubierta
590 _6Inventariado, 2021/VM
650 4 _aPoesía dominicana
650 4 _aLiteratura dominicana
700 1 _aGarcía Michel , Eduardo,
_epról.
910 _aVMateo V.
942 _2ddc
_cBK
999 _c13648
_d13648